LEADER 02006nam0 2200361 i 450 001 VAN0036988 005 20220329092307.922 010 $a97-8019-850-46958 100 $a20050609d1998 |0itac50 ba 101 $aeng 102 $aUS 105 $a|||| ||||| 200 1 $aOne-dimensional variational problems$ean introduction$fGiuseppe Buttazzo, Mariano Giaquinta, Stefan Hildebrandt 210 $aNew York$cOxford University$cClarendon$d1998 215 $aVIII, 262 p.$cill.$d24 cm 410 1$1001VAN0033438$12001 $aOxford lecture series in mathematics and its applications$1210 $aOxford$cOxford university$d1994-.$v15 500 1$3VAN0243990$aOne-dimensional variational problems$91423070 606 $a49-XX$xCalculus of variations and optimal control; optimization [MSC 2020]$3VANC019757$2MF 620 $aUS$dNew York$3VANL000011 700 1$aButtazzo$bGiuseppe$3VANV030875$042785 701 1$aGiaquinta$bMariano$3VANV039752$042383 701 1$aHildebrandt$bStefan$3VANV030877$042505 712 $aClarendon $3VANV107988$4650 712 $aOxford university $3VANV107944$4650 801 $aIT$bSOL$c20230616$gRICA 856 4 $uhttps://books.google.it/books?id=fursm_sGf_EC&pg=PA77&dq=9780198504658&hl=it&sa=X&ved=0ahUKEwjMz-Cg3NXdAhXw4IUKHf_EDg4Q6AEIJzAA#v=onepage&q=9780198504658&f=false$zPreview 899 $aBIBLIOTECA DEL DIPARTIMENTO DI MATEMATICA E FISICA$1IT-CE0120$2VAN08 912 $aVAN0036988 950 $aBIBLIOTECA DEL DIPARTIMENTO DI MATEMATICA E FISICA$d08PREST 49-XX 0660 $e08VS 4406 I 20061016 950 $aBIBLIOTECA DEL DIPARTIMENTO DI INGEGNERIA$d05PREST D 398 $e05 3029 20050609 950 $aBIBLIOTECA DEL DIPARTIMENTO DI INGEGNERIA$d05PREST D 399 $e05 3030 20050609 996 $aOne-dimensional variational problems$91423070 997 $aUNICAMPANIA LEADER 01867nam 2200493 450 001 9910164108803321 005 20210922225939.0 010 $a0-19-251722-8 010 $a0-19-179329-9 010 $a0-19-103995-0 024 7 $a10.1093/acprof:oso/9780198726487.001.0001 035 $a(CKB)3710000001042606 035 $a(OAPEN)645587 035 $a(MiAaPQ)EBC4792776 035 $a(MiAaPQ)EBC5825881 035 $a(StDuBDS)EDZ0001639618 035 $a(oapen)https://directory.doabooks.org/handle/20.500.12854/36620 035 $a(PPN)229068243 035 $a(EXLCZ)993710000001042606 100 $a20161128d2017 fy| 0 101 0 $aeng 135 $auuuuu---auuuu 181 $ctxt$2rdacontent 182 $cc$2rdamedia 183 $acr$2rdacarrier 200 14$aThe baptized muse $eearly Christian poetry as cultural authority /$fKarla Pollmann$b[electronic resource] 205 $aFirst edition. 210 1$aOxford :$cOxford University Press,$d2017. 215 $a1 online resource (288 pages) 300 $aTranslated from the German. 300 $aThis edition previously issued in print: 2017. 311 $a0-19-872648-1 320 $aIncludes bibliographical references and index. 330 8 $aA collection of Pollmann's previously-published essays on early Christian poetry, most newly-translated from German and all updated and corrected. It is a genre that has tended to be overlooked by both Classicists and Patristics scholars and this collection will rectify that. 606 $aChristian poetry, Latin$xHistory and criticism 615 0$aChristian poetry, Latin$xHistory and criticism. 676 $a871/.0109 700 $aPollmann$b Karla$0731721 801 0$bStDuBDS 801 1$bStDuBDS 906 $aBOOK 912 $a9910164108803321 996 $aThe baptized muse$92052730 997 $aUNINA LEADER 05351nam 2200697 a 450 001 9910784896503321 005 20230721030520.0 010 $a1-383-04407-4 010 $a1-281-15509-8 010 $a9786611155094 010 $a0-19-153796-9 035 $a(CKB)1000000000399770 035 $a(EBL)415290 035 $a(OCoLC)476241497 035 $a(SSID)ssj0000152050 035 $a(PQKBManifestationID)11153094 035 $a(PQKBTitleCode)TC0000152050 035 $a(PQKBWorkID)10340300 035 $a(PQKB)11074343 035 $a(Au-PeEL)EBL415290 035 $a(CaPaEBR)ebr10199664 035 $a(CaONFJC)MIL115509 035 $a(MiAaPQ)EBC415290 035 $a(EXLCZ)991000000000399770 100 $a20070312d2007 uy 0 101 0 $aeng 135 $aur|n|---||||| 181 $ctxt 182 $cc 183 $acr 200 00$aExperimental approaches to phonology$b[electronic resource] /$fedited by Maria-Josep Sole?, Patrice Speeter Beddor, and Manjari Ohala 210 $aOxford ;$aNew York $cOxford University Press$d2007 215 $a1 online resource (484 p.) 225 1 $aOxford linguistics 300 $aDescription based upon print version of record. 311 $a0-19-929682-0 311 $a0-19-929667-7 320 $aIncludes bibliographical references (p. [411]-456) and index. 327 $aMethods in phonology / John J. Ohala -- Elicitation as experimental phonology : Thlantlang Lai tonology / Larry M. Hyman -- Decisions and mechanisms in exemplar-based phonology / Keith Johnson -- Beyond laboratory phonology : the phonetics of speech communication / Klaus J. Kohler -- Area functions and articulatory modeling as a tool for investigating the articulatory, acoustic, and perceptual properties of sounds across languages / Jacqueline Vaissie?re -- Phonological universals and the control and regulation of speech production / Didier Demolin -- Issues of phonological complexity : statistical analysis of the relationship between syllable structures, segment inventories, and tone contrasts / Ian Maddieson -- Linking dispersion-focalization theory and the maximum utilization of the available distinctive features principle in a perception for action control theory / Jean Luc Schwartz, Louis Jean Boe?, Christian Abry -- Applying perceptual methods to the study of phonetic variation and sound change / Patrice Speeter Beddor, Anthony Brasher, Chandan Narayan -- Interpreting misperception : beauty is in the ear of the beholder / Juliette Blevins -- Coarticulatory nasalization and phonological developments : data from Italian and English nasal-fricative sequences / M. Grazia Busa? -- A perceptual bridge between coronal and dorsal / Olle Engstrand, Johan Frid, Bjo?rn Lindblom -- Danish stød : phonological and cognitive issues / Nina Grønnum, Hans Basbøll -- 327 $aArticulatory movements and phrase boundaries / Patrizia Bonaventura, Osamu Fujimura -- Physiological and physical bases of the command-response model for generating fundamental frequency contours in tone languages : implications for the phonology of tones / Hiroya Fujisaki, Wentao Gu, Sumio Ohno -- Probabilistic "sliding template" models for indirect vowel normalization / Terrance M. Nearey, Peter Assmann -- The variations, quantification, and generalizations of standard Thai tones / Rungpat Roengpitya -- Controlled and mechanical properties in speech : a review of the literature / Maria Josep Sole? -- What's in CVC-like things? : ways and means to look at phonological units across languages / Bruce L. Derwing -- The SLIP technique as a window on the mental preparation of speech : some methodological considerations / Sieb Nooteboom, Hugo Quene? -- Experimental methods in the study of Hindi geminate consonants / Manjari Ohala -- Morphophonemics and the lexicon : a case study from Turkish / Anne Pycha, Sharon Inkelas, Ronald Sprouse -- How do listeners compensate for phonology? / Eurie Shin. 330 $aThis book provides fresh insights into the findings and theoretical advances that emerge from experimental investigation of phonological structure and phonological knowledge as well as a critical perspective on experimental techniques and methods in the perception, production, and modeling of speech. - ;This wide-ranging survey of experimental methods in phonetics and phonology shows the insights and results provided by different methods of investigation, including laboratory-based, statistical, psycholinguistic, computational-modeling, corpus, and field techniques. The five chapters in the fi 410 0$aOxford linguistics. 606 $aGrammar, Comparative and general$xPhonology 606 $aLinguistic universals 606 $aLanguage and languages$xVariation 606 $aLinguistic change 615 0$aGrammar, Comparative and general$xPhonology. 615 0$aLinguistic universals. 615 0$aLanguage and languages$xVariation. 615 0$aLinguistic change. 676 $a414 701 $aSole?$b Maria-Josep$0434222 701 $aBeddor$b Patrice Speeter$01474912 701 $aOhala$b Manjari$01474913 801 0$bMiAaPQ 801 1$bMiAaPQ 801 2$bMiAaPQ 906 $aBOOK 912 $a9910784896503321 996 $aExperimental approaches to phonology$93688849 997 $aUNINA LEADER 01307nam 22003853 450 001 9911054512303321 005 20260111090359.0 010 $a1-394-29377-1 010 $a1-394-29376-3 035 $a(MiAaPQ)EBC32476805 035 $a(Au-PeEL)EBL32476805 035 $a(CKB)44915019200041 035 $a(OCoLC)1569120461 035 $a(EXLCZ)9944915019200041 100 $a20260111d2025 uy 0 101 0 $aeng 135 $aurcnu|||||||| 181 $ctxt$2rdacontent 182 $cc$2rdamedia 183 $acr$2rdacarrier 200 10$aAI for Cybersecurity $eResearch and Practice 205 $a1st ed. 210 1$aNewark :$cJohn Wiley & Sons, Incorporated,$d2025. 210 4$d©2026. 215 $a1 online resource (659 pages) 311 08$a1-394-29374-7 330 $aInformative reference on the state of the art in cybersecurity and how to achieve a more secure cyberspace AI for Cybersecurity presents the state of the art and practice in AI for cybersecurity with a focus on four interrelated defensive capabilities of deter, protect, detect, and respond. 700 $aSong$b Houbing$01824628 801 0$bMiAaPQ 801 1$bMiAaPQ 801 2$bMiAaPQ 906 $aBOOK 912 $a9911054512303321 996 $aAI for Cybersecurity$94529511 997 $aUNINA